000 01019cam a2200229 4500
001 ABS67297
008 031121n2003 000 0 eng u
035 _a(Sirsi) u124397
100 _aWilliams, I.
245 _aWaste Strategy
260 _c2003
490 _aWastes Management
_vOctober 2003, 45-46(2)
520 _aArticle examines how to implement the "Waste strategy 2000 for England and Wales" (ISBNs 0101469322 and 0101469330). Whilst recognising that this is a difficult task the article provides the reader with a framework with how to implement the strategy and suggests possible solutions. It recommends that initially a critical review and evaluation be performed before writing the waste strategy. Article contains a helpful checklist for authors.
590 _aABS
650 _aWASTE STRATEGY
650 _aRECYCLING
650 _aINDUSTRIAL WASTE
650 _aCOMMERCIAL WASTE
650 _aWASTE PLANNING
690 _aENVIRONMENTAL AND LAND CONSULTANCY-WASTE MANAGEMENT
942 _n0
999 _c73822
_d73822